Hidden agenda /
| Main Author: | |
|---|---|
| Other Authors: | , |
| Format: | Book |
| Published: |
Kuala Lumpur:
Limkokwing Integrated,
c1998.
|
| Subjects: |
| LEADER | 00560cam a2200205 7i4500 | ||
|---|---|---|---|
| 001 | 0000045615 | ||
| 005 | 20151104090000.0 | ||
| 005 | ##20151104155400.0 | ||
| 003 | ##MY-KlINT | ||
| 020 | # | # | |a 9839906178 |
| 039 | # | 9 | |y 201511041554 |z VLOAD |
| 090 | 0 | 0 | |a 338.9595 |b LIM |
| 100 | 1 | # | |a Lim Kok Wing |
| 245 | 1 | 0 | |a Hidden agenda / |c Lim Kok Wing, Robert Ho You Chai,Yee Mee Fah.. |
| 260 | # | # | |a Kuala Lumpur: |b Limkokwing Integrated, |c c1998. |
| 300 | # | # | |a 127p; |c 26cm. |
| 650 | # | 0 | |a Interviewing |
| 650 | # | 0 | |a Economy surveys |
| 700 | 0 | # | |a Ho You Chai, Robert |
| 700 | 0 | # | |a Yee Mee Fah |